Top 10 - Equipos sudamericanos con más títulos internacionales - Estadísticas

Estadísticas generales
  • Esta prueba ha sido intentada 113 veces
  • La puntuación promedio es 8 de 10
Estadísticas de respuestas
Palmarés Equipo % Correcto
18 Títulos Boca Juniors - Independiente de Avellaneda
100%
12 Títulos River Plate - São Paulo
100%
7 Títulos Atlético nacional - Cruzeiro - Flamengo - Internacional de Porto Alegre
91%
9 Títulos Nacional de Uruguay - Peñarol
91%
3 Títulos Athletico Paranaense - Colo-Colo - Independiente del Valle - Racing Club - San lorenzo - Vasco da gama
90%
5 Títulos Liga de Quito - Palmeiras - Vélez Sarsfield
84%
2 Títulos Argentinos Juniors - Arsenal - Cienciano - Defensa y Justicia - Fluminense - Independiente de Santa Fé - Lanús
75%
8 Títulos Olimpia - Santos
75%
6 Títulos Estudiantes de la Plata - Grêmio
72%
4 Títulos Atlético Mineiro - Corinthians
65%
No se encontraron pruebas coincidentes
Distribución de puntuación
Porcentaje de gente con cada puntuación
Porcentaje por número respondido
Historial de tus puntuaciones
No has intentado esta prueba.